Romania : Financial Sector Assessment Program-Detailed Assessment of Observance of the Basel Core Principles for Effective Banking Supervision.

This paper discusses findings of the Detailed Assessment of Observance of the Basel Core Principles (BCP) for Effective Banking Supervision in Romania. The supervisory approach of the National Bank of Romania (NBR) has been changing toward a more risk based approach since the previous BCP assessment...

Täydet tiedot

Bibliografiset tiedot
Yhteisötekijä: International Monetary Fund. Monetary and Capital Markets Department
Aineistotyyppi: Aikakauslehti
Kieli:English
Julkaistu: Washington, D.C. : International Monetary Fund, 2018.
Sarja:IMF Staff Country Reports; Country Report ; No. 2018/171
Linkit:Full text available on IMF
LEADER 01964cas a2200241 a 4500
001 AALejournalIMF022066
008 230101c9999 xx r poo 0 0eng d
020 |c 5.00 USD 
020 |z 9781484361962 
022 |a 1934-7685 
040 |a BD-DhAAL  |c BD-DhAAL 
110 2 |a International Monetary Fund.  |b Monetary and Capital Markets Department. 
245 1 0 |a Romania :   |b Financial Sector Assessment Program-Detailed Assessment of Observance of the Basel Core Principles for Effective Banking Supervision. 
264 1 |a Washington, D.C. :  |b International Monetary Fund,  |c 2018. 
300 |a 1 online resource (253 pages) 
490 1 |a IMF Staff Country Reports 
500 |a <strong>Off-Campus Access:</strong> No User ID or Password Required 
500 |a <strong>On-Campus Access:</strong> No User ID or Password Required 
506 |a Electronic access restricted to authorized BRAC University faculty, staff and students 
520 3 |a This paper discusses findings of the Detailed Assessment of Observance of the Basel Core Principles (BCP) for Effective Banking Supervision in Romania. The supervisory approach of the National Bank of Romania (NBR) has been changing toward a more risk based approach since the previous BCP assessment, but more needs to be done. Further development of the NBR's supervisory approach will make supervision more effective and in line with the requirements of the 2012 BCP. The NBR may need to devote more supervisory attention to banks' risk models and building up further expertise in specialized areas such as information technology and market risk. In the area of corrective actions and sanctions, the NBR should review its framework to ensure it is protected from undue legal challenges. 
538 |a Mode of access: Internet 
830 0 |a IMF Staff Country Reports; Country Report ;  |v No. 2018/171 
856 4 0 |z Full text available on IMF  |u http://elibrary.imf.org/view/journals/002/2018/171/002.2018.issue-171-en.xml  |z IMF e-Library